<?xml version="1.0" encoding="UTF-8"?>
<record
    xmlns:xsi="http://www.w3.org/2001/XMLSchema-instance"
    xsi:schemaLocation="http://www.loc.gov/MARC21/slim http://www.loc.gov/standards/marcxml/schema/MARC21slim.xsd"
    xmlns="http://www.loc.gov/MARC21/slim">

  <leader>01838nam a22002057a 4500</leader>
  <controlfield tag="003">IT-MiCISF</controlfield>
  <controlfield tag="005">20250411112917.0</controlfield>
  <controlfield tag="008">210504b           ||||| |||| 00| 0 eng d</controlfield>
  <datafield tag="040" ind1=" " ind2=" ">
    <subfield code="c">IT-MiCISF</subfield>
  </datafield>
  <datafield tag="041" ind1=" " ind2=" ">
    <subfield code="a">it</subfield>
  </datafield>
  <datafield tag="100" ind1=" " ind2=" ">
    <subfield code="a">Fiore Brunella</subfield>
    <subfield code="9">58899</subfield>
  </datafield>
  <datafield tag="245" ind1=" " ind2=" ">
    <subfield code="a">La relazione tra famiglie e scuola.</subfield>
    <subfield code="b">Modelli organizzativi e politiche sociali</subfield>
  </datafield>
  <datafield tag="260" ind1=" " ind2=" ">
    <subfield code="a">Roma,</subfield>
    <subfield code="b">Carocci,</subfield>
    <subfield code="c">2021</subfield>
  </datafield>
  <datafield tag="300" ind1=" " ind2=" ">
    <subfield code="a">pp. 194</subfield>
  </datafield>
  <datafield tag="500" ind1=" " ind2=" ">
    <subfield code="a">scuola, famiglia, struttura-famiglia, denatalit&#xE0;, modello-famiglia, famiglia-migranti, politiche-sociali, differenza-sessuale, politica-familiare, ritmi-familiari, problemi-educazione</subfield>
  </datafield>
  <datafield tag="520" ind1=" " ind2=" ">
    <subfield code="a">Famiglie e scuola sono partner educativi: a questi due importanti pilastri la societ&#xE0; affida il futuro delle nuove generazioni e, in definitiva, anche di s&#xE9; stessa. Il volume riflette sulle trasformazioni che la scuola e le famiglie vivono oggi e che le vede reciprocamente coinvolte. In che misura la prima rappresenta un valido alleato per le seconde nella crescita dei propri figli? In che modo la scuola sembra rispondere alle aspettative educative delle famiglie? E specularmente, cosa si aspetta la scuola da queste ultime? Come si concretizza l'alleanza educativa? Quali sono i principali ostacoli sociali che sembrano frapporsi alla sua realizzazione? In che modo le politiche sociali possono agevolarne il funzionamento? In accordo con una prospettiva comparativa che renda conto dei punti di forza e di debolezza, il volume approfondisce le caratteristiche e i modelli che regolano la relazione tra famiglie e scuola mettendone in luce i legami che rendono queste istituzioni interdipendenti e, al contempo, mostrandone sia le criticit&#xE0; presenti sia quelle che si profilano all'orizzonte in ambito demografico, sociale, politico.</subfield>
  </datafield>
  <datafield tag="650" ind1=" " ind2=" ">
    <subfield code="a">scuola</subfield>
    <subfield code="9">56165</subfield>
  </datafield>
  <datafield tag="654" ind1=" " ind2=" ">
    <subfield code="a">saggio</subfield>
  </datafield>
  <datafield tag="942" ind1=" " ind2=" ">
    <subfield code="2">ddc</subfield>
    <subfield code="c">BK</subfield>
  </datafield>
  <datafield tag="999" ind1=" " ind2=" ">
    <subfield code="c">359250</subfield>
    <subfield code="d">359250</subfield>
  </datafield>
  <datafield tag="952" ind1=" " ind2=" ">
    <subfield code="0">0</subfield>
    <subfield code="1">0</subfield>
    <subfield code="2">ddc</subfield>
    <subfield code="4">0</subfield>
    <subfield code="6">B_7669_000000000000000</subfield>
    <subfield code="7">1</subfield>
    <subfield code="a">CISF</subfield>
    <subfield code="b">CISF</subfield>
    <subfield code="d">2021-05-04</subfield>
    <subfield code="l">0</subfield>
    <subfield code="o">b7669</subfield>
    <subfield code="p">9788829005291</subfield>
    <subfield code="r">2021-05-04 00:00:00</subfield>
    <subfield code="w">2021-05-04</subfield>
    <subfield code="y">BK</subfield>
  </datafield>
</record>
